Yu-Gi-Oh! Duel Monsters Characters by Picture - Easy Version - Statistics

General Stats
  • This quiz has been taken 6 times
  • The average score is 14 of 24
Answer Stats
Picture Answer % Correct
Atem
100%
Joey Wheeler
100%
Mai Valentine
100%
Maximillion Pegasus
100%
Mokuba Kaiba
100%
Seto Kaiba
100%
Téa Gardner
100%
Tristan Taylor
100%
Yugi Muto
100%
Bakura
75%
Duke Devlin
75%
Rex Raptor
75%
Weevil Underwood
75%
Bandit Keith
50%
Mako Tsunami
50%
Marik Ishtar
50%
Serenity Wheeler
50%
Ishizu Ishtar
25%
Dartz
0%
Noah Kaiba
0%
Rafael
0%
Rebecca Hawkins
0%
Solomon Muto
0%
Zigfried von Schroeder
0%
No matching quizzes found
Score Distribution
Percent of People with Each Score
Percentile by Number Answered
Your Score History
You have not taken this quiz